الوثائق الهاشمية أوراق الملك عبدالله بن الحسين : تقارير الأوضاع في عهد الإمارة الى عصبة الأمم المتحدة (1927- 1941) المجلد الثامن والثلاثون / (Record no. 34157)
[ view plain ]
| 000 -LEADER | |
|---|---|
| fixed length control field | 01448nam a22002297a 4500 |
| 003 - CONTROL NUMBER IDENTIFIER | |
| control field | JO-AjAnu |
| 005 - DATE AND TIME OF LATEST TRANSACTION | |
| control field | 20260105105554.0 |
| 008 - FIXED-LENGTH DATA ELEMENTS--GENERAL INFORMATION | |
| fixed length control field | 260105b jo ||||| |||| 00| 0 ara d |
| 040 ## - CATALOGING SOURCE | |
| Original cataloging agency | JO-AjAnu |
| Language of cataloging | ara |
| Transcribing agency | JO-AjAnu |
| Modifying agency | JO-AjAnu |
| 041 ## - LANGUAGE CODE | |
| Language code of text/sound track or separate title | ara |
| Language code of original | ara |
| 050 ## - LIBRARY OF CONGRESS CALL NUMBER | |
| Classification number | DS154.53 |
| Item number | .W37 2025 |
| 100 #1 - MAIN ENTRY--PERSONAL NAME | |
| Personal name | أبو الشعر، هند غسان |
| 9 (RLIN) | 49188 |
| Relator term | جمع وإعداد |
| 245 00 - TITLE STATEMENT | |
| Title | الوثائق الهاشمية أوراق الملك عبدالله بن الحسين : تقارير الأوضاع في عهد الإمارة الى عصبة الأمم المتحدة (1927- 1941) المجلد الثامن والثلاثون / |
| Statement of responsibility, etc. | جمع واعداد هند ابو الشعر ؛ إشراف محمد عدنان البخيت |
| 250 ## - EDITION STATEMENT | |
| Edition statement | الطبعة الأولى |
| 260 ## - PUBLICATION, DISTRIBUTION, ETC. | |
| Place of publication, distribution, etc. | عمان : |
| Name of publisher, distributor, etc. | الجامعة الأردنية / مركز الوثائق والمخطوطات ودراسات بلاد الشام |
| Date of publication, distribution, etc. | 2025 |
| 300 ## - PHYSICAL DESCRIPTION | |
| Extent | 307 صفحة |
| 490 ## - SERIES STATEMENT | |
| Series statement | سلسة الوثائق الهاشمية |
| 504 ## - BIBLIOGRAPHY, ETC. NOTE | |
| Bibliography, etc. note | يحتوي على الكشافات وملاحق وصور وثائق |
| 650 00 - SUBJECT ADDED ENTRY--TOPICAL TERM | |
| Topical term or geographic name entry element | إمارة شرق الأردن - الانتداب البريطاني في فلسطين- الأحوال الاجتماعية والاقتصادية - التقارير السنوية - عصبة الأمم - الوثائق الولية - تاريخ الأردن |
| 9 (RLIN) | 66926 |
| 700 #1 - ADDED ENTRY--PERSONAL NAME | |
| Personal name | البخيت، محمد عدنان |
| 9 (RLIN) | 46662 |
| Relator term | مشرف |
| 942 ## - ADDED ENTRY ELEMENTS (KOHA) | |
| Source of classification or shelving scheme | Library of Congress Classification |
| Koha item type | Reference |
| Suppress in OPAC | No |
| Withdrawn status | Lost status | Source of classification or shelving scheme | Damaged status | Not for loan | Home library | Current library | Date acquired | Total Checkouts | Full call number | Barcode | Date last seen | Price effective from | Koha item type |
|---|---|---|---|---|---|---|---|---|---|---|---|---|---|
| Library of Congress Classification | مكتبة جامعة عجلون الوطنية | مكتبة جامعة عجلون الوطنية | 05/01/2026 | DS154.53 .W37 2025 | a30602 | 05/01/2026 | 05/01/2026 | Reference |